Statistics for Smallest U.S. Cities

Click here to take the quiz!

General Stats

  • This quiz has been taken 8 times
  • The average score is 1 of 22

Answer Stats

StatePopulationCity% Correct
Nebraska1Monowi
86%
Oregon0Greenhorn
29%
Idaho3Warm River
14%
South Dakota3White Rock
14%
Missouri3Baker
0%
South Dakota0Buffalo Chip
0%
Oklahoma0Carlton Landing
0%
Missouri5Cave
0%
Missouri0Florida
0%
Kansas5Freeport
0%
Minnesota5Funkley
0%
Missouri0Goss
0%
Nebraska2Gross
0%
South Dakota3Hillsview
0%
Oklahoma4Hoot Owl
0%
Missouri0Lakeside
0%
South Dakota4Lily
0%
Wyoming4Lost Springs
0%
Oklahoma2Lotsee
0%
North Dakota4Ruso
0%
New Jersey5Tavistock
0%
South Dakota5Verdon
0%

Score Distribution

Percentile by Number Answered

Percent of People with Each Score

Your Score History

You have not taken this quiz